000 00962nam a2200217Ii 4500
003 JO-AjNU
008 230605s9999||||xx |||||||||||||| ||und||
017 _a2007/7/2007
040 _aJO-AjNU
_bara
_erda
_cJO-AjNU
041 _aara
050 1 4 _aKMM122.S52.2007
100 3 _a الابراهيم ، هاني ,
_eauthor
_921352
245 0 0 _aالإيداع القانوني للمصنفات وفقا لأحكام قانون حماية حق المؤلف الأردني رقم (22) لسنة 1992 وتعديلاتة
250 _a(د،ط)
264 3 1 _a(د ، م): هاني الابراهيم ، 2007 (د ، م)
300 _a200ص
336 _atext
_btxt
_2rdacontent
337 _aunmediated
_bn
_2rdamedia
338 _avolume
_bnc
_2rdacarrier
650 4 _aحقوق التأليف والنشر -- قوانين وتشريعات -- الاردن -- الايداع القانوني ( مكتبات )-- قوانين وتشريعات -- الاردن
_921353
999 _aA7402
_c10970
_d10970